000 00851nam a22002411u 4500
001 05899
003 HDC
007 cr bn ---aaaaa
008 210121p2004 | d 00 engg
040 _aHDC
245 0 _aReport Of The Islamic Capital Market Task Force Of The International Organization Of Securities Commissions
260 _a[no place] :
_b[publisher not identified],
_c2004
300 _a 1 online resource (87 pages)
336 _atext
_2rdacontent
337 _acomputer
_2rdamedia
338 _aonline resource
_2rdacarrier
650 _aIslamic capital
_96217
650 _atask force
_96218
856 _zRequest full-text at [email protected]
942 _2lcc
942 _cEIS
942 _kREPT 000219
999 _c3223
_d3223